书目信息 |
| 题名: |
太阳能与建筑一体化工程施工技术
|
|
| 作者: | 张希舜 主编 | |
| 分册: | ||
| 出版信息: | 北京 中国建筑工业出版社 2013.04 |
|
| 页数: | 279页 | |
| 开本: | 28cm | |
| 丛书名: | 可再生能源建筑应用与建筑节能系列丛书 | |
| 单 册: | ||
| 中图分类: | TU29 | |
| 科图分类: | ||
| 主题词: | 太阳能住宅--tai yang neng zhu zhai--建筑工程--工程施工 | |
| 电子资源: | ||
| ISBN: | 978-7-112-14846-2 | |
| 000 | 01081nam 2200265 450 | |
| 001 | 0100003146 | |
| 005 | 20150424160219.52 | |
| 010 | @a978-7-112-14846-2@dCNY42.00 | |
| 100 | @a20130506d2013 em y0chiy50 ea | |
| 101 | 0 | @achi |
| 102 | @aCN@b110000 | |
| 105 | @aak a 000yy | |
| 200 | 1 | @a太阳能与建筑一体化工程施工技术@Atai yang neng yu jian zhu yi ti hua gong cheng shi gong ji shu@f张希舜主编@Fzhang xi shun zhu bian |
| 210 | @a北京@c中国建筑工业出版社@d2013.04 | |
| 215 | @a279页@c图@d28cm | |
| 225 | 2 | @a可再生能源建筑应用与建筑节能系列丛书@Ake zai sheng neng yuan jian zhu ying yong yu jian zhu jie neng xi lie cong shu@v6 |
| 320 | @a有书目 (第279页) | |
| 330 | @a全书共包括: 太阳能基本知识、太阳能与建筑一体化简介、太阳能建筑一体化设计、建筑太阳能技术、法律法规和附录等内容。 | |
| 410 | 0 | @12001 @a可再生能源建筑应用与建筑节能系列丛书@v6 |
| 606 | 0 | @a太阳能住宅@Atai yang neng zhu zhai@x建筑工程@x工程施工 |
| 690 | @aTU29@v5 | |
| 701 | 0 | @a张希舜@Azhang xi shun@4主编 |
| 801 | @aCN@c20130701 | |
| 901 | @a012 | |
| 905 | @eZ000@dTU29@aHSDXLXY@b1097301-3@f3 | |
| 太阳能与建筑一体化工程施工技术/张希舜主编.-北京:中国建筑工业出版社,2013.04 |
| 279页:图;28cm.-(可再生能源建筑应用与建筑节能系列丛书;6) |
| ISBN 978-7-112-14846-2:CNY42.00 |
| 全书共包括: 太阳能基本知识、太阳能与建筑一体化简介、太阳能建筑一体化设计、建筑太阳能技术、法律法规和附录等内容。 |
| ● |
| 相关链接 |
|
|
|
正题名:太阳能与建筑一体化工程施工技术
索取号:TU29/Z000
 
预约/预借
| 序号 | 登录号 | 条形码 | 馆藏地/架位号 | 状态 | 备注 |
| 1 | 1097301 | 210973017 | 建筑库101/101建筑库 73排2列3层/ [索取号:TU29/Z000] | 在馆 | |
| 2 | 1097302 | 210973026 | 建筑库101/101建筑库 73排2列3层/ [索取号:TU29/Z000] | 在馆 | |
| 3 | 1097303 | 210973035 | 建筑库101/101建筑库 73排2列3层/ [索取号:TU29/Z000] | 在馆 | |
| 4 | 496401 | 204964011 | 能源与建筑环境工程学院资料室/ [索取号:TU29/Z000] | 在馆 |